Państwa najbliższe Indonezji - Statystyki

Ogólne statystyki
  • Ten quiz został rozwiązany 310 razy
  • Średni wynik to 17 z 20
Statystyki odpowiedzi
Km Kraj % Poprawnych
0 Malezja
96%
146 Australia
93%
0 Papua-Nowa Gwinea
92%
301 Tajlandia
92%
600 Wietnam
92%
179 Indie
91%
768 Kambodża
91%
1105 Laos
91%
6 Singapur
91%
1561 Chiny
88%
0 Timor Wschodni
88%
168 Filipiny
86%
539 Mjanma
84%
40 Brunei
80%
1475 Sri Lanka
79%
2033 Tajwan
76%
1719 Bangladesz
74%
1103 Mikronezja
70%
793 Palau
67%
1701 Wyspy Salomona
60%
Nie znaleziono quizów pasujących do podanych kryteriów
Rozkład punktacji
Procent ludzi z każdym wynikiem
Percentyl według liczby udzielonych odpowiedzi
Twoja historia wyników
Nie rozwiązałeś tego quizu